Estudios de filosofía jurídica /

שמור ב:
מידע ביבליוגרפי
מחבר ראשי: Ortiz Rivas, Hernán (autor)
פורמט: ספר
שפה:ספרדית
יצא לאור: Bogotá, Colombia : Temis, 2000, c2000
נושאים:
תגים: הוספת תג
אין תגיות, היה/י הראשונ/ה לתייג את הרשומה!

MARC

LEADER 00000nam^a2200000^a^4500
001 000136264
005 20250521000000.0
009 20260310095311.972
020 |a 958-35-0319-3 
037 |a Acervo ITESO - Biblioteca 
041 |a ESP 
082 |a 340. 1  |b ORT 
100 |a Ortiz Rivas, Hernán  |e (autor) 
245 1 0 |a Estudios de filosofía jurídica /  |c H. Ortiz Rivas. 
264 4 |a Bogotá, Colombia :  |b Temis,  |c 2000, c2000 
300 |a XV, 199 p. 
336 |a texto  |b txt  |2 rdacontenido 
337 |a sin mediación  |b n  |2 rdamedio 
338 |a volumen  |b nc  |2 rdasoporte 
649 |a XX 
650 |a Derecho -  |x Filosofía 
650 |a Etica Jurídica 
650 |a Etica Profesional 
650 |a Derecho y Etica 
650 |a Derechos Humanos 
650 |a Filosofía Política 
650 |a Justicia e Injusticia 
650 |a Resistencia Civil 
650 |a Objeción de Conciencia 
650 |a Sofistas 
650 |a Socráticos 
650 |a Filosofía Clásica 
910 |a Fondo General 
920 |a Impresos - Libros 
930 |a Colección General 
905 |a 101 
901 |a 0500064816  |b IT1  |c ACC  |u 20250521 
902 |a https://opac.biblio.iteso.mx/vufind/Record/000136264